000
00300nam a2200121Ia 4500
008
190216s9999||||xx |||||||||||||| ||und||
100
_a
Ahmed Moulavi. C.;n
245
0
_a
Islam Oru Samagra Padanam
260
_b
Al-Huda Book Stall
_c
1997
300
_a
486p
650
_a
Islamic History
942
_c
REF
999
_c
35122
_d
35122